1M+ cities of the world by letter - W - Statistics

General Stats
  • This quiz has been taken 1,004 times
    583 since last reset
  • The average score is 4 of 9
Answer Stats
Country Popuation City % Correct
Poland 2.47 mil Warsaw
98%
China 12.90 mil Wuhan
98%
United States 8.80 mil Washington
94%
China 7.10 mil Wenzhou
53%
China 3.37 mil Weifang
27%
China 1.88 mil Wuhu
22%
China 1.21 mil Wanzhou
18%
China 1.55 mil Weihai
12%
India 1.13 mil Warangal
11%
No matching quizzes found
Score Distribution
Percent of People with Each Score
Percentile by Number Answered
Your Score History
You have not taken this quiz since the last reset